Constitution of the Philippines / Goverment of the Philippines. (Record no. 22131)

000 -LEADER
fixed length control field 01092nam a2200157 4500
020 ## - INTERNATIONAL STANDARD BOOK NUMBER
ISBN 4064066453022
082 ## - DEWEY DECIMAL CLASSIFICATION NUMBER
Classification number 342.599
Item number Goverment of the Philippines 2022
100 ## - MAIN ENTRY--AUTHOR NAME
Personal name Goverment of the Philippines
245 ## - TITLE STATEMENT
Title Constitution of the Philippines / Goverment of the Philippines.
260 ## - PUBLICATION, DISTRIBUTION, ETC. (IMPRINT)
Place of publication [Philippines] :
Name of publisher Good Press,
Year of publication 2022.
300 ## - PHYSICAL DESCRIPTION
Number of Pages 1 online resource, [75] pages.
520 ## - SUMMARY, ETC.
Summary, etc Serves as the supreme law of the land, outlining the framework of government, fundamental rights, and the separation of powers among branches that govern the country. Featuring a clear and concise legalistic style, the document is structured to provide explicit guidelines for the exercise of governmental authority while enshrining the rights of citizens. Contextually, it embodies the historical struggles for democracy and sovereignty faced by the Filipino people, particularly in the aftermath of martial law and the People Power Revolution that shaped modern governance in the Philippines.
650 ## - SUBJECT ADDED ENTRY--TOPICAL TERM
Topical Term Constitution
-- Philippines
650 ## - SUBJECT ADDED ENTRY--TOPICAL TERM
Topical Term Constitutional Law
-- Philippines
942 ## - ADDED ENTRY ELEMENTS (KOHA)
Koha item type Electronic Books
Holdings
Source of acquisition Permanent Location Date acquired Collection code Koha item type Lost status Shelving location Withdrawn status Current Location Full call number
DonationCagayan State University - Carig Library2026-04-15E-BooksElectronic Books E-Resource Section Cagayan State University - Carig Library342.599 Goverment of the Philippines 2022

Cagayan State University University Library, Carig Campus
Tuguegarao City, Cagayan 3500 | www.csucarig.edu.ph

Powered by Koha